Normal view
MARC view
- Jamal, NC Wasif Muhammad (TCC-05)
Entry Personal Name
001 - CONTROL NUMBER
- control field: 131758
003 - CONTROL NUMBER IDENTIFIER
- control field: NUST
005 - DATE AND TIME OF LATEST TRANSACTION
- control field: 20251110144710.0
008 - FIXED-LENGTH DATA ELEMENTS
- fixed length control field: 251110|| aca||aabn | a|a d
040 ## - CATALOGING SOURCE
- Original cataloging agency: NUST
- Transcribing agency: NUST
100 ## - HEADING--PERSONAL NAME
- Personal name: Jamal, NC Wasif Muhammad (TCC-05)
670 ## - SOURCE DATA FOUND
- Source citation: Work cat.: (NUST)182570: Jamal, NC Wasif Muhammad (TCC-05), Emulation system of 8751 /, 1997
